00691nam a2200241 a 4500001001300000003000900013005001700022008004100039020001000080082001600090100001900106245004400125260003000169300000900199500003500208505001900243650002200262700001900284902000800303942000700311952011600318999001500434nice12345678IN_TiNIC20260116011808.0050524s0000 egya grp 000 0 ara  ac10000a269.2bZWE2 aZwemer, Samuel aTariqul Muhibbin Ila Qoloobul Muslamin. aEgyptbMatba-E-Neelc0000 a102p aincludes index and biblioraphy2 aReserve copies aEvangelistic Work1 aZwemer, Samuel bSRS cBK 001040708StackRoom-aHMIbHMId2007-07-16g100.00l0o269.2 ZWE2p05134r2007-07-16v100.00w2005-05-24yBK c4032d4032